000 00304nam a22001337a 4500
008 170614b xxu||||| |||| 00| 0 eng d
020 _a0520054764
041 _aeng
080 _a32
100 _a19
101 _aSHP
245 _aTHE WORLD AGINTS GLOBAL LIBERALISM
_cKRASNER.SD
942 _2udc
_cBK
999 _c17434
_d17434